Machin and Machin v Devon County Council (Record no. 78641)

MARC details
000 -LEADER
fixed length control field 01426cab a22002415a 4500
001 - CONTROL NUMBER
control field L137506
008 - FIXED-LENGTH DATA ELEMENTS--GENERAL INFORMATION
fixed length control field 070412e2006 xxk 000 0 eng d
035 ## - SYSTEM CONTROL NUMBER
System control number (Sirsi) u137506
041 0# - LANGUAGE CODE
Language code of text/sound track or separate title eng
245 00 - TITLE STATEMENT
Title Machin and Machin v Devon County Council
Medium [electronic resource]
260 ## - PUBLICATION, DISTRIBUTION, ETC.
Date of publication, distribution, etc. 2006
520 ## - SUMMARY, ETC.
Summary, etc. BNO/202/2005, 15 November 2006. The claimants served 3 blight notices on Devon County Council under section 150(1) of the Town and Country Planning Act 1990 in respect of the property under which the property had become blighted land. The claimant claimed the land taken to build a trunk road adversely affected the property and made it difficult to sell. "Held": the consideration was whether or not the proposal to take what amounts to a very small area of land at the rear of the property, and reserve rights over a slightly larger area, seriously affects the amenity or convenience of the property. No awards were made as to costs.
590 ## - LOCAL NOTE (RLIN)
Local note KA
650 24 - SUBJECT ADDED ENTRY--TOPICAL TERM
Topical term or geographic name entry element MACHIN V DEVON COUNTY COUNCIL
650 24 - SUBJECT ADDED ENTRY--TOPICAL TERM
Topical term or geographic name entry element LANDS TRIBUNAL ACT 1949
650 24 - SUBJECT ADDED ENTRY--TOPICAL TERM
Topical term or geographic name entry element SHEPHARD AND OTHERS V TURNER AND ANOTHER
650 24 - SUBJECT ADDED ENTRY--TOPICAL TERM
Topical term or geographic name entry element ENTWISTLE PEARSON V CHORLEY BOROUGH COUNCIL
650 24 - SUBJECT ADDED ENTRY--TOPICAL TERM
Topical term or geographic name entry element TOWN AND COUNTRY PLANNING ACT 1990
651 #4 - SUBJECT ADDED ENTRY--GEOGRAPHIC NAME
Geographic name England
Chronological subdivision 886-
690 ## - LOCAL SUBJECT ADDED ENTRY--TOPICAL TERM (OCLC, RLIN)
Topical term or geographic name as entry element Boundary disputes
9 (RLIN) 6221
856 40 - ELECTRONIC LOCATION AND ACCESS
Uniform Resource Identifier <a href="https://www.landstribunal.gov.uk/aspx/view.aspx?id=362">https://www.landstribunal.gov.uk/aspx/view.aspx?id=362</a>
Public note View the item free of charge at www.landstribunal.gov.uk...
942 ## - ADDED ENTRY ELEMENTS (KOHA)
Suppress in OPAC 0
Holdings
Withdrawn status Lost status Source of classification or shelving scheme Damaged status Not for loan Home library Current library Shelving location Date acquired Total Checkouts Full call number Barcode Date last seen Copy number Price effective from Koha item type
    Dewey Decimal Classification     Virtual Virtual Online 12/04/2007   ONLINE PUBLICATION 137506-1001 06/08/2019 1 06/08/2019 Law report